000 00515 a2200169 4500
020 _a0139752854
040 _aDLC
082 0 0 _a658.05
100 _aTurban, Efraim
245 0 0 _aElectronic commerce: A managerial perspective
_b /
_cEfraim Turban ... [et al.].
260 _aUpper Saddle River, NJ :
_bPrentice Hall,
_cc2000.
300 _axxxii, 520 p. :
_bill. ;
_c26 cm.
650 0 _aElectronic commerce
650 0 _aElectronic commerce
_xManagement.
700 1 _aTurban, Efraim.
942 _cBK
_k658.05 TUR
_2ddc
999 _c8538
_d8538